000 00782nam a2200253Ia 4500
003 GCL
008 140319s9999 xx 000 0 ara d
040 _aGCL /
_cGCL
082 0 4 _a301.1
_bع ف
100 1 _aعباس محمود عوض
245 1 0 _aفى علم النفس الاجتماعى /
_cعباس محمود عوض
260 _a[S.N] :
_bدار المعرفة الجامعية ،
_c1988
300 _a410 ص
490 _a
650 0 4 _aعلم النفس
650 0 4 _aالعلاقات الانسانية
650 0 4 _aالاجتماع
650 0 4 _aعلم النفس الاجتماعى
650 0 4 _aالقيادة
650 0 4 _aالصراع الاجتماعى
650 0 4 _aالتجمهر
650 0 4 _aالتكيف الاجتماعى
942 _2ddc
_cBK
999 _c55979
_d55979